| 000 | 00529nam a2200193Ia 4500 | ||
|---|---|---|---|
| 008 | 191130s2006##################000#0#eng## | ||
| 020 | _a9780898716139 | ||
| 040 |
_aACL _cACL |
||
| 082 | _a512.9434 DAV | ||
| 100 | _aDavis, Timothy A | ||
| 245 |
_aDirect methods for sparse linear systems _cTimothy A.Davis |
||
| 260 |
_aPhiladelphia, PA _bSIAM _c2006 |
||
| 300 | _axii, 217p | ||
| 500 | _aIncludes index | ||
| 650 | _aLinear systems | ||
| 990 | _a96bae629ac10000c4f5ddf4393203fa5 | ||
| 991 | _a333403 | ||
| 999 |
_c150748 _d150748 |
||